| 000 | 00436cam a2200169ua 4500 | ||
|---|---|---|---|
| 020 | _c2.00 | ||
| 041 |
_amal _h |
||
| 082 |
_a894.8124 _bKUT/RI |
||
| 100 | _aKuttikrishna, Marar . | ||
| 245 |
_aRishiprasadam / _cKuttikrishna Marrar. _hTextual Documents |
||
| 260 |
_aKottayam : _bSahitya Pravarthaka Co-operative Society , _c1968. |
||
| 300 | _a249 ; . | ||
| 365 | _a2.00 | ||
| 504 | _a | ||
| 942 | _cBK | ||
| 999 |
_c1137 _d1137 |
||